[Event "FB1 2223 SG Solingen - SK Schwäbisch H"]
[Site "?"]
[Date "2022.10.15"]
[Round "1.1"]
[White "Batsiashvili, Nino"]
[Black "Gaponenko, Inna"]
[Result "1-0"]
[WhiteElo "2477"]
[BlackElo "2339"]
[PlyCount "58"]
[EventDate "2022.??.??"]

1. d4 d5 2. c4 dxc4 3. Nf3 Nf6 4. e3 e6 5. Bxc4 c5 6. O-O Nc6 7. Qe2 a6 8. Rd1 b5 9. dxc5 Qc7 10. Bd3 Nb4 11. a4 bxa4 12. Nc3 Bxc5 13. Nxa4 Be7 14. Bc4 Bb7 15. b3 Bd5 16. Bxd5 Nbxd5 17. e4 Nb6 18. Bg5 Nxa4 19. Rxa4 Qb7 20. Bxf6 Bxf6 21. e5 Be7 22. Nd4 O-O 23. Rc4 Rfc8 24. Rdc1 Bg5 25. R1c2 Rxc4 26. Qxc4 Rd8 27. h4 Bxh4 28. Nxe6 fxe6 29. Qxh4 h6 1-0

[Event "FB1 2223 SG Solingen - SK Schwäbisch H"]
[Site "?"]
[Date "2022.10.15"]
[Round "1.2"]
[White "Muetsch, Annmarie"]
[Black "Arabidze, Meri"]
[Result "1/2-1/2"]
[WhiteElo "2238"]
[BlackElo "2422"]
[PlyCount "174"]
[EventDate "2022.??.??"]

1. d4 Nf6 2. Bg5 d5 3. Bxf6 exf6 4. e3 Bd6 5. g3 c6 6. Bg2 O-O 7. Ne2 Nd7 8. Nd2 f5 9. O-O Nf6 10. c4 dxc4 11. Nxc4 Bc7 12. b4 Be6 13. Nd2 Qe7 14. Nb3 Bd5 15. Nc5 Bd6 16. Qc2 g6 17. Rab1 h5 18. b5 Bxg2 19. Kxg2 cxb5 20. Rxb5 Rac8 21. Qd3 Bxc5 22. dxc5 Rxc5 23. Rfb1 Rxb5 24. Rxb5 Rc8 25. a4 Ne4 26. h4 Nc5 27. Qd4 b6 28. Nf4 Rd8 29. Nd5 Qe4+ 30. Qxe4 Nxe4 31. Ne7+ Kf8 32. Nc6 Rd2 33. Nxa7 Rxf2+ 34. Kg1 Ra2 35. Rb4 Nxg3 36. Nc8 g5 37. hxg5 Ne4 38. Rxb6 Nxg5 39. Nd6 Nh3+ 40. Kh1 Nf2+ 41. Kg1 Nh3+ 42. Kh1 f4 43. exf4 Rxa4 44. Nf5 Kg8 45. Nh6+ Kf8 46. Nf5 Kg8 47. Nh6+ Kh7 48. Nxf7 Rxf4 49. Ne5 h4 50. Kg2 Ng5 51. Rb7+ Kh6 52. Rb6+ Kh5 53. Rb8 Nh7 54. Rh8 Kh6 55. Rc8 Nf6 56. Rc4 Ne4 57. Rc8 Rf5 58. Rh8+ Kg7 59. Rxh4 Rxe5 60. Kf3 Nf6 61. Ra4 Kg6 62. Kg3 Kf5 63. Kf3 Rd5 64. Rf4+ Ke5 65. Ra4 Rd3+ 66. Ke2 Rh3 67. Ra8 Ng4 68. Re8+ Kd4 69. Rd8+ Ke4 70. Re8+ Ne5 71. Kd2 Rd3+ 72. Ke2 Rd7 73. Kf2 Rg7 74. Re6 Rg8 75. Re7 Kf4 76. Ra7 Rc8 77. Ra4+ Nc4 78. Ra7 Ke4 79. Re7+ Ne5 80. Re6 Rf8+ 81. Ke2 Kd5 82. Ra6 Nc6 83. Ke3 Rf6 84. Ra8 Re6+ 85. Kd3 Re1 86. Rh8 Ne5+ 87. Kd2 Nf3+ 1/2-1/2

[Event "FB1 2223 SG Solingen - SK Schwäbisch H"]
[Site "?"]
[Date "2022.10.15"]
[Round "1.3"]
[White "Buksa, Nataliya"]
[Black "Kononenko, Tatiana"]
[Result "1-0"]
[WhiteElo "2407"]
[BlackElo "2353"]
[PlyCount "77"]
[EventDate "2022.??.??"]

1. e4 e6 2. d4 d5 3. e5 c5 4. c3 Nc6 5. Nf3 Qb6 6. Na3 cxd4 7. cxd4 Bb4+ 8. Bd2 Bd7 9. Nc2 Be7 10. Bd3 Nb4 11. Nxb4 Bxb4 12. O-O Bxd2 13. Qxd2 Ne7 14. Qg5 Kf8 15. Qf4 h6 16. Rac1 Kg8 17. h4 Rf8 18. Rc5 Qd8 19. b4 a6 20. Rfc1 Nc6 21. a3 Qe7 22. b5 axb5 23. Rxb5 Be8 24. Rbc5 h5 25. a4 Rh6 26. a5 f6 27. Qg3 fxe5 28. dxe5 Qf7 29. a6 bxa6 30. Rxc6 Bxc6 31. Rxc6 a5 32. Qg5 a4 33. Ra6 Qd7 34. Nd4 Qf7 35. Nf5 Kh8 36. Nxh6 Qxf2+ 37. Kh2 Qd4 38. Bc2 Qc4 39. Ra7 1-0

[Event "FB1 2223 SG Solingen - SK Schwäbisch H"]
[Site "?"]
[Date "2022.10.15"]
[Round "1.4"]
[White "Zozulia, Anna"]
[Black "Daulyte-Cornette, Deimante"]
[Result "1/2-1/2"]
[WhiteElo "2243"]
[BlackElo "2376"]
[PlyCount "36"]
[EventDate "2022.??.??"]

1. e4 c5 2. Nf3 Nc6 3. d4 cxd4 4. Nxd4 g6 5. Nc3 Bg7 6. Be3 Nf6 7. Nb3 O-O 8. Be2 d6 9. O-O Be6 10. Nd4 d5 11. exd5 Nxd5 12. Nxd5 Bxd5 13. Nxc6 Bxc6 14. Qxd8 Rfxd8 15. c3 a6 16. Rad1 Rac8 17. Rxd8+ Rxd8 18. Rd1 Rxd1+ 1/2-1/2

[Event "FB1 2223 SG Solingen - SK Schwäbisch H"]
[Site "?"]
[Date "2022.10.15"]
[Round "1.5"]
[White "Velikic, Adela"]
[Black "Sereda, Yaroslava"]
[Result "1-0"]
[WhiteElo "2272"]
[BlackElo "1800"]
[PlyCount "67"]
[EventDate "2022.??.??"]

1. d4 d5 2. c4 e6 3. Nf3 Nf6 4. e3 Be7 5. b3 O-O 6. Bb2 c5 7. Nbd2 cxd4 8. exd4 b6 9. Bd3 Bb7 10. O-O Na6 11. Rc1 Rc8 12. Ne5 Nb4 13. Bb1 dxc4 14. bxc4 Nc6 15. Nxc6 Bxc6 16. Re1 Qd6 17. Re3 Qd7 18. Qe2 Rfe8 19. Re1 Bb4 20. d5 exd5 21. Bxf6 Rxe3 22. Qxe3 gxf6 23. Qh6 f5 24. Re3 Bd6 25. Qg5+ Kh8 26. Bxf5 Qd8 27. Qh5 Qg8 28. Bxc8 d4 29. Re4 Bxe4 30. Nxe4 Qxc8 31. Nxd6 Qe6 32. Nxf7+ Kg7 33. Ne5 Kf6 34. Ng4+ 1-0

[Event "FB1 2223 SG Solingen - SK Schwäbisch H"]
[Site "?"]
[Date "2022.10.15"]
[Round "1.6"]
[White "Fetahovic, Sarah"]
[Black "Eric, Jovana"]
[Result "0-1"]
[WhiteElo "1294"]
[BlackElo "2258"]
[PlyCount "110"]
[EventDate "2022.??.??"]

1. e4 c5 2. Nf3 d6 3. Bb5+ Nd7 4. d4 cxd4 5. Nxd4 a6 6. Ba4 Ngf6 7. Nc3 g6 8. Bxd7+ Bxd7 9. Bg5 Bg7 10. O-O O-O 11. Re1 h6 12. Be3 Ng4 13. Qd2 Nxe3 14. Rxe3 b5 15. Nf3 Rc8 16. a4 b4 17. Nd5 a5 18. c3 e6 19. Nf4 bxc3 20. bxc3 Qc7 21. Ne2 Rfd8 22. Nfd4 Be8 23. Nb5 Qc5 24. Ned4 Qc4 25. Qd3 Qc5 26. Rd1 Qb6 27. c4 Qc5 28. Rc1 Bxb5 29. Nxb5 d5 30. exd5 exd5 31. Qc2 dxc4 32. Re4 Qf5 33. Re2 Qd7 34. h3 Qd3 35. Qxd3 cxd3 36. Rxc8 Rxc8 37. Rd2 Rd8 38. f4 Bf8 39. Kf2 Bb4 40. Rd1 d2 41. Ke3 Re8+ 42. Kd3 Re1 43. Kc2 Re4 44. Kd3 Rxf4 45. Nc3 Bxc3 46. Kxc3 Rxa4 47. Rxd2 Kg7 48. Kb3 Rb4+ 49. Ka3 Rb5 50. Ka4 Rc5 51. Rf2 f5 52. Rb2 Kf6 53. Rb5 Rxb5 54. Kxb5 Ke5 55. Kxa5 Kf4 0-1

[Event "FB1 2223 SV Hemer 1932 - FC Bayern Mün"]
[Site "?"]
[Date "2022.10.15"]
[Round "1.1"]
[White "Ricken, Katharina"]
[Black "Cosma, Elena-Luminita"]
[Result "1-0"]
[WhiteElo "2136"]
[BlackElo "2243"]
[PlyCount "91"]
[EventDate "2022.??.??"]

1. Nf3 d5 2. g3 Nf6 3. Bg2 e6 4. d4 b5 5. a4 b4 6. c4 bxc3 7. Nxc3 Be7 8. Bf4 O-O 9. O-O a5 10. Nb5 c6 11. Nc7 Ra7 12. Nxd5 cxd5 13. Bxb8 Rb7 14. Bf4 Rxb2 15. Rb1 Rxb1 16. Qxb1 Ba6 17. Qc2 Qa8 18. Rc1 Rc8 19. Qb2 h6 20. Bf1 Bb4 21. Bd2 Rb8 22. Ne5 Ne4 23. Bxb4 Rxb4 24. Qa3 f6 25. Nc6 Rc4 26. Nxa5 Rxc1 27. Qxc1 Bxe2 28. Bxe2 Qxa5 29. Bb5 Qb4 30. Qe3 Kf7 31. h4 Ke7 32. Qf4 Nd6 33. Qg4 g5 34. Qh5 Nf7 35. hxg5 Qb1+ 36. Kh2 hxg5 37. Qf3 Qb4 38. Qd3 f5 39. Qe3 g4 40. Qf4 Kf6 41. Qe3 Qf8 42. f3 gxf3 43. Qxf3 Qh6+ 44. Kg1 Ng5 45. Qa3 Nf3+ 46. Qxf3 1-0

[Event "FB1 2223 SV Hemer 1932 - FC Bayern Mün"]
[Site "?"]
[Date "2022.10.15"]
[Round "1.2"]
[White "Kulovana, Eva"]
[Black "Exler, Veronika"]
[Result "1/2-1/2"]
[WhiteElo "2193"]
[BlackElo "2137"]
[PlyCount "117"]
[EventDate "2022.??.??"]

1. e4 c6 2. d4 d5 3. exd5 cxd5 4. Bd3 Nc6 5. c3 Qc7 6. h3 g6 7. Ne2 Bf5 8. Bxf5 gxf5 9. Bf4 Qd7 10. Nd2 Nf6 11. Nf3 Nh5 12. O-O Rg8 13. Kh1 e6 14. Be5 Bh6 15. b4 f6 16. Bh2 Ne7 17. Ne1 f4 18. Ng1 Ng7 19. Nd3 Ng6 20. Nc5 Qe7 21. Re1 b6 22. Nd3 Rc8 23. Ne2 f3 24. gxf3 Nh5 25. f4 f5 26. Ng3 Nxg3+ 27. fxg3 Rxc3 28. Rc1 Rxc1 29. Qxc1 Kf7 30. Re2 Rd8 31. Rc2 Bg7 32. Bg1 Rd7 33. Rc8 Rd8 34. Rxd8 Qxd8 35. Qc6 Bf8 36. h4 Qe8 37. Qc7+ Qe7 38. Qb8 Bg7 39. a3 Bf6 40. h5 Nf8 41. Kg2 Kg7 42. Be3 Qf7 43. Ne5 Bxe5 44. fxe5 Qxh5 45. Qxa7+ Kg8 46. Qxb6 Qe2+ 47. Bf2 f4 48. gxf4 Qg4+ 49. Kf1 Qd1+ 50. Kg2 Qg4+ 51. Bg3 Qe2+ 52. Kg1 Qf3 53. Be1 Qe2 54. Bf2 Qg4+ 55. Kh2 Qf3 56. Bg3 Qh5+ 57. Kg1 Qf3 58. Bf2 Qg4+ 59. Kf1 1/2-1/2

[Event "FB1 2223 SV Hemer 1932 - FC Bayern Mün"]
[Site "?"]
[Date "2022.10.15"]
[Round "1.3"]
[White "Khrapko, Marharyta"]
[Black "Hess, Olena"]
[Result "1-0"]
[WhiteElo "2128"]
[BlackElo "2065"]
[PlyCount "83"]
[EventDate "2022.??.??"]

1. e4 d6 2. d4 Nf6 3. Nc3 e5 4. Nf3 Nbd7 5. Bc4 Be7 6. O-O O-O 7. Re1 c6 8. a4 Qc7 9. a5 Rb8 10. Nh4 g6 11. Nf3 Kg7 12. h3 b5 13. axb6 axb6 14. Ng5 h6 15. Nxf7 Rxf7 16. Bxh6+ Kxh6 17. Bxf7 Kg7 18. Be6 Nf8 19. Bxc8 Rxc8 20. d5 N8d7 21. dxc6 Qxc6 22. Ra7 Rc7 23. Rxc7 Qxc7 24. Nd5 Nxd5 25. Qxd5 Nf6 26. Qe6 Qd7 27. Qc4 Qb7 28. b4 b5 29. Qd3 Qc6 30. f3 Nh5 31. Qd2 Nf4 32. Kh2 Bg5 33. Qf2 Ne6 34. Ra1 Nd4 35. Ra7+ Kh6 36. h4 Bf4+ 37. g3 Bc1 38. Ra1 Bb2 39. Qd2+ Kg7 40. Ra7+ Kg8 41. Qh6 Nxf3+ 42. Kh1 1-0

[Event "FB1 2223 SV Hemer 1932 - FC Bayern Mün"]
[Site "?"]
[Date "2022.10.15"]
[Round "1.4"]
[White "Frey, Alisa"]
[Black "Mayrhuber, Nikola"]
[Result "0-1"]
[WhiteElo "2003"]
[BlackElo "2115"]
[PlyCount "102"]
[EventDate "2022.??.??"]

1. e4 c5 2. Nf3 d6 3. d4 cxd4 4. Nxd4 Nf6 5. Nc3 a6 6. f3 e5 7. Nb3 Be7 8. Be3 Be6 9. Qd2 h5 10. Nd5 Nxd5 11. exd5 Bf5 12. Bd3 Bxd3 13. Qxd3 Bg5 14. O-O Bxe3+ 15. Qxe3 Nd7 16. a4 Rc8 17. Rfc1 Qb6 18. Qxb6 Nxb6 19. Na5 Nc4 20. Nxc4 Rxc4 21. b3 Rc3 22. b4 Kd7 23. Rab1 Rhc8 24. Rb2 R8c4 25. Kf2 Rd4 26. Ke2 Rxd5 27. Rd1 Rxd1 28. Kxd1 Ra3 29. a5 Ra1+ 30. Ke2 Rg1 31. Kf2 Rc1 32. Ke3 Kc6 33. f4 Re1+ 34. Kf2 Re4 35. fxe5 dxe5 36. c3 Rc4 37. Re2 f6 38. Re3 g5 39. g3 e4 40. Ke2 f5 41. Kd2 Kd5 42. Re1 Ke5 43. Rf1 Rc7 44. Rc1 f4 45. Rc2 e3+ 46. Ke2 Ke4 47. c4 f3+ 48. Ke1 Kd3 49. Rc1 Rxc4 50. Rb1 f2+ 51. Kf1 Kd2 0-1

[Event "FB1 2223 SV Hemer 1932 - FC Bayern Mün"]
[Site "?"]
[Date "2022.10.15"]
[Round "1.5"]
[White "Vidonyak, Nellya"]
[Black "Sewald, Kathrin"]
[Result "1-0"]
[WhiteElo "2102"]
[BlackElo "1973"]
[PlyCount "71"]
[EventDate "2022.??.??"]

1. d4 c5 2. d5 d6 3. b3 Nf6 4. Bb2 Na6 5. c4 Bf5 6. f3 Qc7 7. e4 Bg6 8. Nd2 e5 9. dxe6 fxe6 10. Bd3 O-O-O 11. a3 Nb8 12. Ne2 d5 13. cxd5 exd5 14. Qc2 d4 15. Rc1 Nc6 16. O-O Kb8 17. h3 Ne5 18. Bxd4 Nxd3 19. Qxd3 Bd6 20. f4 Rhe8 21. Bxf6 gxf6 22. Qc2 Bf8 23. Nc3 Qd6 24. f5 Bh5 25. Nd5 Qe5 26. Nc4 Qd4+ 27. Kh1 Bh6 28. Rce1 Bg5 29. Nf4 Bf7 30. Rd1 Bxc4 31. Rxd4 Bxf1 32. Rxd8+ Rxd8 33. Nd5 Bb5 34. Qf2 Rd7 35. h4 Bh6 36. Qg3+ 1-0

[Event "FB1 2223 SV Hemer 1932 - FC Bayern Mün"]
[Site "?"]
[Date "2022.10.15"]
[Round "1.6"]
[White "Trunz, Michelle"]
[Black "Giss, Helene"]
[Result "1/2-1/2"]
[WhiteElo "1821"]
[BlackElo "2042"]
[PlyCount "110"]
[EventDate "2022.??.??"]

1. d4 e6 2. c4 Nf6 3. Nc3 d5 4. Bg5 Be7 5. e3 c6 6. Nf3 Nbd7 7. Bd3 O-O 8. O-O dxc4 9. Bxc4 b5 10. Bd3 a6 11. Qe2 Bb7 12. Rfd1 h6 13. Bh4 Qb6 14. Rac1 c5 15. Bb1 Rfd8 16. Ne5 Nf8 17. Ng4 Nxg4 18. dxc5 Rxd1+ 19. Rxd1 Qxc5 20. Bxe7 Qxe7 21. Qxg4 Rd8 22. Rd4 e5 23. Rxd8 Qxd8 24. Qd1 Qxd1+ 25. Nxd1 Ne6 26. b4 g6 27. Nc3 Kf8 28. f3 Ke7 29. Kf2 Kd6 30. a3 Nc7 31. Ne4+ Bxe4 32. fxe4 Na8 33. Ba2 f6 34. Bf7 Nb6 35. h4 Ke7 36. Bxg6 Nc4 37. Bf5 Nxa3 38. Bc8 Kd6 39. Bxa6 Kc6 40. h5 Nc2 41. Bc8 Nxb4 42. Kf3 Nc2 43. Be6 b4 44. Bb3 Na1 45. Ba4+ Kc5 46. Kg4 Kd6 47. Kf5 Ke7 48. Kg6 b3 49. Bxb3 Nxb3 50. Kxh6 Nc5 51. Kg6 Nxe4 52. h6 Ng5 53. h7 Nf7 54. g4 Ke6 55. e4 Ke7 1/2-1/2

[Event "FB1 2223 TuRa Harksheide  - OSG Baden-B"]
[Site "?"]
[Date "2022.10.15"]
[Round "1.1"]
[White "Stefanova, Antoaneta"]
[Black "Antolak, Julia"]
[Result "1-0"]
[WhiteElo "2472"]
[BlackElo "2387"]
[PlyCount "153"]
[EventDate "2022.??.??"]

1. d4 Nf6 2. Bf4 b6 3. e3 Bb7 4. c4 e6 5. a3 Be7 6. Nc3 O-O 7. h3 d6 8. Nf3 Nbd7 9. Bd3 Re8 10. O-O Bf8 11. Bc2 g6 12. e4 Bg7 13. Re1 e5 14. dxe5 Nxe5 15. Nxe5 dxe5 16. Be3 Qe7 17. b4 c6 18. c5 b5 19. a4 Rad8 20. Qf3 a6 21. axb5 axb5 22. Ra7 Ra8 23. Rea1 Rxa7 24. Rxa7 Ra8 25. Rxa8+ Bxa8 26. Qd1 Bb7 27. Qa1 Qd7 28. Ne2 Qc7 29. Bd2 Nd7 30. Bc3 Qb8 31. Nc1 h6 32. Nd3 Kh7 33. f4 f6 34. f5 Nf8 35. Nc1 Qa8 36. Qb2 Qd8 37. Qa2 Bc8 38. Qa8 Qd7 39. Nb3 Bb7 40. Qa7 Bc8 41. Qb6 Qf7 42. Qa5 Qc4 43. Qa1 Qe2 44. Bd2 Bd7 45. Qc3 h5 46. Nc1 Qc4 47. Qxc4 bxc4 48. h4 Bc8 49. Ne2 Nd7 50. Ng3 Nb8 51. fxg6+ Kxg6 52. Bd1 Bh6 53. Bxh5+ Kh7 54. Bxh6 Kxh6 55. Bf7 c3 56. Ne2 c2 57. Bb3 Bg4 58. Nc1 Bd1 59. Bc4 Nd7 60. Kf2 Kh5 61. g3 f5 62. Bf7+ Kh6 63. exf5 Nf6 64. Ke3 Bg4 65. Be6 Nd5+ 66. Ke4 Nxb4 67. Kxe5 Na6 68. Kd6 Nb4 69. f6 Bxe6 70. Kxe6 Nd5 71. g4 Kg6 72. g5 Nf4+ 73. Ke7 Kh5 74. f7 Kxh4 75. Kf6 Nd5+ 76. Ke6 Nf4+ 77. Kf5 1-0

[Event "FB1 2223 TuRa Harksheide  - OSG Baden-B"]
[Site "?"]
[Date "2022.10.15"]
[Round "1.2"]
[White "Unuk, Laura"]
[Black "Paehtz, Elisabeth"]
[Result "1/2-1/2"]
[WhiteElo "2329"]
[BlackElo "2477"]
[PlyCount "72"]
[EventDate "2022.??.??"]

1. d4 Nf6 2. Nf3 g6 3. Bg5 Bg7 4. Nbd2 O-O 5. c3 d6 6. e3 b6 7. Bd3 Bb7 8. Qc2 Nbd7 9. h3 c5 10. O-O Rc8 11. Rad1 Qc7 12. Qb1 h6 13. Bh4 e5 14. dxe5 dxe5 15. Bxf6 Nxf6 16. Ne4 Nd5 17. c4 Ne7 18. Nc3 f5 19. Nb5 Qb8 20. e4 Rcd8 21. Bc2 f4 22. Nc3 Nc6 23. Rxd8 Qxd8 24. Nd5 Ba6 25. Ba4 Nd4 26. Qd3 h5 27. Nxd4 cxd4 28. Bd1 Qd6 29. b4 Rc8 30. Bb3 Kh7 31. Rc1 Bh6 32. Qf3 Bb7 33. a3 a5 34. Rb1 Bg7 35. Ba2 a4 36. Rc1 Bh6 1/2-1/2

[Event "FB1 2223 TuRa Harksheide  - OSG Baden-B"]
[Site "?"]
[Date "2022.10.15"]
[Round "1.3"]
[White "Narva, Mai"]
[Black "Gosciniak, Maria"]
[Result "1-0"]
[WhiteElo "2386"]
[BlackElo "2094"]
[PlyCount "67"]
[EventDate "2022.??.??"]

1. e4 Nf6 2. e5 Nd5 3. d4 d6 4. c4 Nb6 5. f4 dxe5 6. fxe5 Nc6 7. Be3 Bf5 8. Nc3 e6 9. Be2 Be7 10. Nf3 Bh4+ 11. Nxh4 Qxh4+ 12. Bf2 Qe7 13. c5 Nd5 14. Nxd5 exd5 15. O-O O-O 16. Bf3 Qd7 17. Bh4 b6 18. Rc1 b5 19. Qd2 a5 20. Qf4 Nb4 21. Qg3 Nxa2 22. c6 Qe6 23. Bf6 Bg6 24. Rc5 Qe8 25. Bg5 Nb4 26. h4 h5 27. Bd2 Nxc6 28. Bxd5 Nxd4 29. Qxg6 Ne2+ 30. Kf2 Qe7 31. Bh6 Qxc5+ 32. Kxe2 Qc2+ 33. Qxc2 gxh6 34. Qg6+ 1-0

[Event "FB1 2223 TuRa Harksheide  - OSG Baden-B"]
[Site "?"]
[Date "2022.10.15"]
[Round "1.4"]
[White "Adamowicz, Katarzyna"]
[Black "Injac, Teodora"]
[Result "1/2-1/2"]
[WhiteElo "2088"]
[BlackElo "2387"]
[PlyCount "82"]
[EventDate "2022.??.??"]

1. e4 c5 2. Nf3 d6 3. d4 cxd4 4. Nxd4 Nf6 5. Nc3 Nc6 6. f3 e5 7. Nb3 Be7 8. Be3 Be6 9. Qd2 d5 10. exd5 Nxd5 11. Nxd5 Qxd5 12. Qxd5 Bxd5 13. O-O-O O-O-O 14. Bd3 Kc7 15. Be4 Bxe4 16. fxe4 h5 17. Rhf1 f6 18. Nc5 Bxc5 19. Bxc5 h4 20. Rf3 Rh6 21. Rh3 Rg6 22. g3 b6 23. Rxd8 Nxd8 24. Be3 hxg3 25. Rxg3 Rxg3 26. hxg3 Ne6 27. Kd2 g6 28. g4 Kc6 29. Bf2 Ng5 30. Ke3 Nf7 31. Bh4 g5 32. Bf2 Nh6 33. Kf3 Kb5 34. Be1 Kc5 35. a3 a5 36. b4+ axb4 37. Bxb4+ Kc6 38. a4 Kd7 39. c4 Kc6 40. Be7 Ng8 41. Bb4 Kb7 1/2-1/2

[Event "FB1 2223 TuRa Harksheide  - OSG Baden-B"]
[Site "?"]
[Date "2022.10.15"]
[Round "1.5"]
[White "Heinemann, Josefine"]
[Black "Brandt, Carina"]
[Result "1-0"]
[WhiteElo "2325"]
[BlackElo "2041"]
[PlyCount "71"]
[EventDate "2022.??.??"]

1. e4 e6 2. d4 d5 3. Nd2 c5 4. Ngf3 Nf6 5. exd5 exd5 6. Bb5+ Bd7 7. Bxd7+ Nbxd7 8. O-O Be7 9. dxc5 a5 10. Nd4 O-O 11. c6 Nc5 12. cxb7 Ra6 13. Qe2 Re8 14. N2f3 Qc7 15. Be3 Qxb7 16. c3 Rb6 17. Rab1 a4 18. Qc2 Nfe4 19. Nf5 Bf6 20. Ng3 Ra6 21. Nxe4 Nxe4 22. Bd4 Qc6 23. Bxf6 Qxf6 24. a3 Qh6 25. Rbd1 Qh5 26. Rd3 Rd8 27. Rd4 f5 28. Qd1 Rad6 29. Rxa4 f4 30. Re1 Qf5 31. Rd4 Re8 32. Qd3 Rde6 33. Rxd5 Nd2 34. Qxd2 Rxe1+ 35. Nxe1 Qb1 36. Rd8 1-0

[Event "FB1 2223 TuRa Harksheide  - OSG Baden-B"]
[Site "?"]
[Date "2022.10.15"]
[Round "1.6"]
[White "Koehler, Inken"]
[Black "Arakhamia-Grant, Ketevan"]
[Result "1-0"]
[WhiteElo "1995"]
[BlackElo "2333"]
[PlyCount "127"]
[EventDate "2022.??.??"]

1. c4 g6 2. g3 Bg7 3. Bg2 e5 4. Nc3 d6 5. d3 f5 6. e4 Nf6 7. Nge2 O-O 8. O-O Nc6 9. Rb1 a5 10. a3 Nh5 11. Nd5 a4 12. exf5 Bxf5 13. Nec3 Qd7 14. Ne3 Bh3 15. Bxh3 Qxh3 16. Qg4 Qxg4 17. Nxg4 Nd4 18. Kg2 c6 19. Ne4 d5 20. cxd5 cxd5 21. Nc5 Rf7 22. Be3 Nf5 23. Ne6 Bh8 24. Rbc1 e4 25. dxe4 dxe4 26. Rc5 Bxb2 27. Rb1 Bg7 28. Rbc1 h6 29. Nxg7 Kxg7 30. Bd2 Rd8 31. Bc3+ Kh7 32. Ba5 Rdf8 33. Ne5 Re7 34. Bb4 Nhg7 35. R5c3 Rxe5 36. Bxf8 Ne6 37. Bb4 g5 38. Rc8 e3 39. Bc3 Rd5 40. fxe3 Nxe3+ 41. Kf3 Nf5 42. Ke4 Rb5 43. Be5 Nfg7 44. R1c7 Rb1 45. Rxg7+ Nxg7 46. Rc7 Re1+ 47. Kd5 Rd1+ 48. Bd4 h5 49. Rxg7+ Kh6 50. Rxb7 Rd3 51. Rb6+ Kh7 52. Kc4 Rxa3 53. Bc3 g4 54. Kd3 Ra2 55. Rb2 Ra3 56. Kc2 Kg6 57. Rb6+ Kf5 58. Kb2 Rb3+ 59. Rxb3 axb3 60. Kxb3 Ke4 61. Kc4 Kf3 62. Kd3 Kg2 63. Bf6 Kxh2 64. Bh4 1-0

[Event "FB1 2223 Hamburger SK - Schachfreunde D"]
[Site "?"]
[Date "2022.10.15"]
[Round "1.1"]
[White "Klek, Hanna Marie"]
[Black "Socko, Monika"]
[Result "1/2-1/2"]
[WhiteElo "2301"]
[BlackElo "2420"]
[PlyCount "143"]
[EventDate "2022.??.??"]

1. e4 c6 2. d4 d5 3. e5 Bf5 4. h4 a6 5. g4 Bd7 6. Be3 c5 7. dxc5 e6 8. c3 Qc7 9. Nf3 Bxc5 10. Bxc5 Qxc5 11. h5 Nc6 12. Bd3 f6 13. Qe2 fxe5 14. Nxe5 Nxe5 15. Qxe5 Nf6 16. f3 O-O 17. Nd2 Ba4 18. h6 Qf2+ 19. Kxf2 Nxg4+ 20. Ke2 Nxe5 21. hxg7 Rf7 22. Bxh7+ Kxg7 23. Rag1+ Kf6 24. Rh6+ Ke7 25. Bg8 Rf6 26. Rh7+ Kd6 27. Rxb7 Bc6 28. Rbg7 Raf8 29. R1g3 Nc4 30. Nxc4+ dxc4 31. Ra7 Bxf3+ 32. Ke3 Bc6 33. Rxa6 Rh6 34. b4 Rh5 35. Rg4 Kc7 36. Ra7+ Kb6 37. Rag7 Rf3+ 38. Kd4 Bd5 39. Bh7 Kc6 40. R4g5 Rh4+ 41. Ke5 Re3+ 42. Kf6 Rxc3 43. a4 Kd6 44. Ra7 Rf3+ 45. Kg7 c3 46. Ra6+ Kc7 47. b5 Rf2 48. a5 c2 49. b6+ Kb8 50. Bxc2 Rxc2 51. Kf6 Rh8 52. Ra7 Rf8+ 53. Ke5 Rc6 54. Rh5 Rc5 55. Kd6 Rfc8 56. Rg5 Rc3 57. Rgg7 Rd8+ 58. Ke7 Rcc8 59. Rg5 Re8+ 60. Kf6 Rc5 61. Rh5 Rf8+ 62. Ke7 Rfc8 63. Kd6 Rc2 64. Rhh7 Rd2 65. Rhg7 Bb3+ 66. Ke5 Rd5+ 67. Kf6 Rf5+ 68. Kg6 Rcf8 69. Rab7+ Ka8 70. Ra7+ Kb8 71. Rab7+ Ka8 72. Ra7+ 1/2-1/2

[Event "FB1 2223 Hamburger SK - Schachfreunde D"]
[Site "?"]
[Date "2022.10.15"]
[Round "1.2"]
[White "Papp, Sarah"]
[Black "Schleining, Zoya"]
[Result "1-0"]
[WhiteElo "2290"]
[BlackElo "2338"]
[PlyCount "147"]
[EventDate "2022.??.??"]

1. e4 c5 2. Nf3 d6 3. d4 cxd4 4. Nxd4 Nf6 5. Nc3 Nc6 6. Bg5 g6 7. Bxf6 exf6 8. Bb5 Bd7 9. Qd2 Bg7 10. Rd1 O-O 11. Bxc6 bxc6 12. O-O Qb6 13. b3 Rad8 14. Qf4 Rfe8 15. Qg3 f5 16. Na4 Qb8 17. exf5 c5 18. Nf3 Bxf5 19. c4 Re6 20. Nh4 Bc2 21. Rd2 Be5 22. Qh3 Be4 23. Nc3 Bc6 24. Nd5 Rde8 25. Nf3 Bxd5 26. Ng5 h5 27. Rxd5 R6e7 28. Qd3 Qb4 29. Nf3 Re6 30. g3 Qa3 31. Nxe5 Rxe5 32. Rxe5 dxe5 33. Qd7 Re6 34. Qd2 Qb4 35. Qe3 Qb6 36. Rd1 Rd6 37. Re1 Re6 38. Rd1 Rd6 39. Re1 Re6 40. Qf3 Qa5 41. Re2 Qd8 42. Kg2 Kg7 43. Qe3 Qa8+ 44. Kg1 h4 45. Rd2 h3 46. Rd5 a5 47. g4 a4 48. Qxh3 Qa5 49. Qe3 axb3 50. axb3 e4 51. Kg2 Qa2 52. g5 Qc2 53. Rxc5 Qd1 54. Qc3+ Kh7 55. Qh3+ Kg7 56. Rc8 Qf3+ 57. Qxf3 exf3+ 58. Kxf3 Rb6 59. c5 Rxb3+ 60. Kg4 Rb2 61. Kg3 Rc2 62. Rc6 Kf8 63. h4 Rc3+ 64. Kf4 Rc4+ 65. Ke5 Rxh4 66. f4 Kg7 67. Rf6 Rh1 68. Kd6 Rd1+ 69. Ke7 Re1+ 70. Kd7 Kf8 71. c6 Re7+ 72. Kd6 Re1 73. c7 Rd1+ 74. Kc6 1-0

[Event "FB1 2223 Hamburger SK - Schachfreunde D"]
[Site "?"]
[Date "2022.10.15"]
[Round "1.3"]
[White "Belenkaya, Dina"]
[Black "Baciu, Diana"]
[Result "1-0"]
[WhiteElo "2280"]
[BlackElo "2295"]
[PlyCount "93"]
[EventDate "2022.??.??"]

1. e4 e6 2. d4 d5 3. Nc3 Bb4 4. e5 c5 5. a3 Bxc3+ 6. bxc3 Ne7 7. Qg4 Qc7 8. Bd2 Nbc6 9. Bd3 cxd4 10. cxd4 Nxe5 11. Qxg7 Nxd3+ 12. cxd3 Rg8 13. Qxh7 e5 14. Rc1 Qb6 15. Nf3 Bf5 16. Qh6 exd4 17. Qxb6 axb6 18. Nxd4 Bxd3 19. Rc3 Bc4 20. h4 Rg4 21. Nf3 f6 22. h5 Kf7 23. Rh4 Rxg2 24. Rf4 Nc6 25. Be3 Rh8 26. Rh4 b5 27. Bc5 Rg7 28. Nd4 Ne5 29. Kd2 Rg2 30. Nf5 Rg5 31. Ng3 Rg4 32. Rxg4 Nxg4 33. Rf3 Ne5 34. Rf5 Ke6 35. Bd4 Rg8 36. Rf4 Rh8 37. Ke3 Ba2 38. Ke2 Bc4+ 39. Kd2 Nd7 40. Nf5 Rh7 41. h6 Kf7 42. Rf3 Kg6 43. Nd6 Kxh6 44. Rg3 Ne5 45. f4 Nd7 46. Nf5+ Kh5 47. Bxf6 1-0

[Event "FB1 2223 Hamburger SK - Schachfreunde D"]
[Site "?"]
[Date "2022.10.15"]
[Round "1.4"]
[White "Genova, Lyubka"]
[Black "Rapport, Jovana"]
[Result "1-0"]
[WhiteElo "2212"]
[BlackElo "2294"]
[PlyCount "91"]
[EventDate "2022.??.??"]

1. e4 e6 2. d3 d5 3. Qe2 Nc6 4. Nf3 e5 5. exd5 Qxd5 6. Nc3 Bb4 7. a3 Bxc3+ 8. bxc3 Bg4 9. h3 Bxf3 10. Qxf3 Qxf3 11. gxf3 Nf6 12. f4 e4 13. d4 O-O 14. Rb1 Rab8 15. Rg1 a6 16. a4 Nd5 17. Bd2 f5 18. Bc4 Rfd8 19. Rg5 g6 20. h4 Nce7 21. h5 Rd6 22. Ba2 Kg7 23. c4 Nf6 24. hxg6 hxg6 25. Bb4 Rd7 26. d5 b6 27. Bc3 Rh8 28. Ke2 Rh6 29. Be5 Nc8 30. a5 Kf7 31. axb6 Nxb6 32. d6 Na4 33. dxc7 Rxc7 34. Bxc7 Nc3+ 35. Kd2 Nxb1+ 36. Bxb1 Rh2 37. Ke2 Ng4 38. Bb6 Rh1 39. Ba2 Rc1 40. Bb3 Nh2 41. Kd2 Rf1 42. Rg2 Ng4 43. c5+ Ke7 44. c6 Rh1 45. c7 Rh8 46. Bc4 1-0

[Event "FB1 2223 Hamburger SK - Schachfreunde D"]
[Site "?"]
[Date "2022.10.15"]
[Round "1.5"]
[White "Jelica, Mara"]
[Black "Ziegenfuss, Antonia"]
[Result "1-0"]
[WhiteElo "2122"]
[BlackElo "2144"]
[PlyCount "77"]
[EventDate "2022.??.??"]

1. e4 c5 2. Nf3 e6 3. d4 cxd4 4. Nxd4 Nc6 5. c4 Nf6 6. Nc3 Bb4 7. Nc2 Be7 8. Be2 O-O 9. O-O a6 10. Be3 d6 11. Rc1 Rb8 12. f3 Qa5 13. Qd2 Rd8 14. b4 Qc7 15. b5 Ne5 16. b6 Qc6 17. Nd4 Qe8 18. h3 Bd7 19. f4 Nc6 20. Nb3 Rbc8 21. Qb2 Nb8 22. e5 dxe5 23. fxe5 Bc6 24. exf6 Bxf6 25. Qb1 Nd7 26. Ne4 Be5 27. Ng5 f5 28. Bf3 Qg6 29. Bxc6 bxc6 30. c5 Nf6 31. Nf3 Bg3 32. Bf2 Nd5 33. Kh1 Nf4 34. Nbd4 Bxf2 35. Rxf2 Qg3 36. Rcf1 g6 37. b7 Rb8 38. Nxc6 Rd3 39. Nxb8 1-0